The Big Bang Theory Characters - Statistics

General Stats
  • This quiz has been taken 807 times
  • The average score is 12 of 14
Answer Stats
Hint Answer % Correct
'Bazinga' Sheldon Cooper
100%
Sheldon's Girlfriend Amy Farrah Fowler
99%
Indian Astrophysicist - Best friend of Above Answer Rajesh Koothrappali
99%
Astronaut who recently visited International Space Station Howard Wolowitz
98%
Roommate of Above Answer Leonard Hofstadter
98%
Neighbour of Above Roommates Penny
98%
Wife of Howard Bernadette Rostenkowski Wolowitz
97%
Owns Comic Store Stuart
92%
Rajesh's Sister Priya Koothrappali
85%
Sheldon's Mother Mary Cooper
81%
University Employee with Speech Impediment Barry Kripke
77%
Leonard's mother Beverly
75%
Sheldon's Employee Alex Jensen
38%
Head of Physics Department at University Gablehauser
30%
No matching quizzes found
Score Distribution
Percent of People with Each Score
Percentile by Number Answered
Your Score History
You have not taken this quiz